[Event "Merida Ruy Lopez GM"]
[Site "Merida"]
[Date "2008.04.07"]
[Round "3"]
[White "Perez Candelario, Manuel"]
[Black "Caruana, Fabiano"]
[Result "0-1"]
[WhiteElo "2537"]
[BlackElo "2598"]
[Annotator "Caruana,F"]
[PlyCount "68"]
[EventDate "2008.04.05"]
[EventType "tourn"]
[EventRounds "7"]
[EventCountry "ESP"]
[EventCategory "15"]
[SourceTitle "CBM 124"]
[Source "ChessBase"]
[SourceDate "2008.05.28"]
[SourceVersion "1"]
[SourceVersionDate "2008.05.28"]
[SourceQuality "1"]

1. e4 c5 2. Nf3 e6 3. d4 cxd4 4. Nxd4 a6 5. Bd3 Bc5 6. Nb3 Be7 {A very
interesting variation which I've begun playing recently. The main expert of
this system was grandmaster Vladimir Epishin, although recently he seems to
have abandoned it.} 7. Be3 $5 {Recently players have begun to tackle this line
in many different ways apart from the classical approach; this is one such way,
which despite its odd appearence can be rather dangerous.} Nf6 8. N1d2 Nc6 {
Keeping flexibility and limiting White's options, as I might play ...d5
immediately in some cases. Of course my knight should be placed on c6 rather
than d7 here, as ...Nb4 is always an important option and I will want to
retreat to d7 with my other knight after g4-g5. Technically this is a novelty
but play transposes to normal lines in one move.} 9. f4 d6 ({I wasn't
completely satisfied with} 9... e5 10. f5 d5 11. Qf3 {, since White maintains
his stronghold on f5, which practically guarantuees success in attack if I
ever castle, while my light-squared bishop is very limited. However, it should
be mentioned that in Delgado Ramirez-Nogueiras, Santa Clara 2007 Black went
for this position with a tempo less, after 10...e5 11.f5 d5 (instead of 10...
o-o as I played), so perhaps this is an option to be investigated.}) 10. Qf3 {
A fundamental decision for White is where to place his queen and whether or
not to stop ...Nb4 with c3. My opponent's play seems most logical to me, but
in the game he encountered serious problems so perhaps White should prefer to
play with 10.c3!?.} O-O 11. O-O-O {Black has some problems to solve here.
White's setup is clever in that Black cannot easily make contact with it,
meanwhile he is ready to advance quickly and dangerously on the kingside with
g4-g5; usually White isn't able achieve such a rapid attack. For instance, a
natural move such as 11...b5 does nothing to challenge White and he can calmly
advance with 12.g4 Bb7 13.g5 Nd7 14.h4, when I fail to see what Black plays
next. More sensible is 11...Nb4, taking advantage of White's piece placement
and removing the valuable light-squared bishop. Then we reach a structure 
(which can also be seen in Caruana-Van der Wiel, Wijk aan Zee 2008) where
Black is solid and has the bishop pair, but White dominates in the centre and
has a clear plan of attack on the kingside, while Black desperately lacks
meaningful counterplay. However, that isn't the end of the story: after 11...
Nb4 12.Kb1 Nxd3 13.cxd3 Black can quickly generate threats with 13...a5!?,
when White has problems with his awkward knight on b3. It would like to go to
d4 but that will always be met with ...e5. White should therefore play the
prophylactic 14.g4! a4 15.Nd4 a3 16.b3 (this is no great achievement for Black)
, when 16...e5 is met by 17.Nf5 and White retains the upper hand. If Black
doesn't take extreme measures such as 13...a5 he can easily end up getting
slaughtered on the kingside. See for instance the game Colovic-Ivanov,J where
Black played superficially (later on his play transcended from superficial to
suicidal with the manouver ...Kg8-f7-e8) with 13...b5 and got crushed on the
kingside.   So perhaps I shouldn't have committed my king with 10...o-o? Has
my play been too slow here and am I already worse? In fact, with very
attentive play I can solve all my problems and even put pressure on White. My
next move looks somewhat outrageous but is in fact a purely positional way to
fight against White's concept.} a5 $1 {The same idea as in the 11...Nb4
variation, but crucially inverting the move order! Now the knight will not be
able to move to d4 after ...a4 as Black will win an exchange with ...Nxd4 Bxd4
e5 and ...Bg4. And if White plays 12.Kb1 a4 13.Nc1 Black reverts to the
original idea with 13...a3 14.b3 Nb4, when the knight is grossly misplaced on
c1. However, White can also play aggressively with 12.Nc4 and I had to see how
to counter his activity.  Of course I was very proud to have seen this idea.} (
11... b5 12. g4 Bb7 13. g5 Nd7 14. h4 $36) (11... Nb4 12. Kb1 Nxd3 13. cxd3 a5
(13... b5 $6 14. g4 e5 15. f5 Nd7 16. h4 f6 17. Rdg1 Kf7 $2 18. g5 Rh8 19. Qg3
Bf8 20. h5 Ke8 21. Nf3 Qe7 22. Rc1 a5 23. Nxa5 Nc5 24. Nc6 Qf7 25. Nb4 Ra4 26.
Nd5 {1-0 Colovic-Ivanov, Campillos 2007}) 14. g4 $1 a4 (14... e5 15. f5 a4 16.
Nc1 a3 17. b3 {with good attacking chances on the kingside, although I'm fully
aware the machine doesn't agree with my assessment}) 15. Nd4 a3 16. b3 e5 17.
Nf5 Bxf5 18. gxf5 Nd7 19. d4 exd4 20. Bxd4 Bf6 21. Nc4 $16) 12. Nc4 {This is
the most challenging move. But despite the impressive appearence White's
pieces are quite loose and liable to be harrassed with some timely thrusts (...
e5, ...d5, ...b5 or ...a3, and of course the typical ...Nb4). Black's position
only looks passive; in fact my pieces possess enormous latent energy.} (12. a3
a4 13. Nd4 Nxd4 14. Bxd4 e5 15. fxe5 dxe5 16. Bxe5 Bg4 17. Qg3 Bxd1 18. Rxd1
Qb6 19. Nc4 Qe6 $15) (12. Kb1 a4 13. Nc1 a3 14. b3 Nb4 {is not entirely clear
but looks quite nice for Black, since White is passively placed.}) (12. Qg3 a4
13. Nd4 Nb4 14. Kb1 a3 15. b3 Nxd3 16. cxd3 e5 $1 17. fxe5 (17. Nf5 Bxf5 18.
exf5 Nd5 $17) (17. Ne2 Bg4) 17... Nh5 18. Qf3 dxe5 19. Qxh5 exd4 20. Bf4 Be6
$17) 12... a4 13. Bb6 {Tempting but not very strong. My queen is better placed
on e8 than d8 in case the centre opens (and it almost certainly will), while
White needed b6 for his knight. Besides this there were two knight retreats.} (
13. Nbd2 Nb4 14. Kb1 Nxd3 15. cxd3 d5 16. Nb6 Ra6 17. Nxc8 Qxc8 18. Rc1 Rc6 $15
) (13. Nd4 $142 a3 $1 14. b3 (14. Nxa3 $1 Nxd4 15. Bxd4 e5 16. fxe5 dxe5 17.
Bxe5 Bg4 18. Qg3 Bxd1 19. Rxd1 Qc8 {is an interesting try for White, with very
unclear play}) 14... Nb4 15. Kb1 d5 $36) 13... Qe8 14. Nbd2 {Weaker is 14.Nd4 
(we have already seen the idea of ...a3 in reply to Nd4, and in this case it
is even stronger) so this is nearly forced. White is very much on the
defensive at this point.} (14. Nd4 a3 $1 15. Nxa3 (15. b3 e5 16. Nxc6 Qxc6 17.
fxe5 dxe5 18. Qg3 Be6 $19) 15... Nxd4 16. Bxd4 e5 17. fxe5 dxe5 18. Bb5 (18.
Bxe5 Bg4 19. Qg3 Bxd1 20. Rxd1 Nh5 21. Qg4 Bxa3 22. Qxh5 Ra5 $19) 18... Rxa3
19. Qxa3 Bxa3 20. Bxe8 Bd6 21. Bxf7+ Kxf7 22. Bc3 Bc7 $17) 14... d5 15. Ne5 a3
16. b3 Nb4 17. Kb1 dxe4 18. Nxe4 $2 {My opponent clearly had overlooked 20...
e5!. Instead 18.Bxe4 limits the damage, although Black still keeps a pleasant
advantage.} (18. Bxe4 Nbd5 19. Bd4 Nxe4 20. Nxe4 f6 21. Nc4 Qc6 $15) 18... Nfd5
19. Bd4 f6 20. Nc4 e5 $1 $17 {Despite the very shaky appearence of Black's
position, the position is almost hopeless for White. He is simply losing a
pawn.  However, at this point I was low on time and under such circumstances
it can be easy to "see ghosts". I resolved to play this quickly before I
changed my mind.} 21. Ned6 (21. fxe5 fxe5) (21. Be3 f5 22. Ned6 e4 23. Nxe8
exf3 $19) (21. Ba1 Nxd3 22. Ned6 Qc6 23. Rxd3 Nxf4 24. Qxc6 bxc6 25. Nxc8 Raxc8
26. Rd2 Nd5 {gave White minimal chances to defend.}) 21... Bxd6 {Perhaps 21...
Qc6 is stronger, but this reduces the number of lines to calculate. It will
also be useful to have ...Qxc2 as a counterattacking option in case the
light-squared bishop is removed.} 22. Nxd6 Qc6 23. Nxc8 $2 (23. fxe5 fxe5 24.
Bxh7+ (24. Qe4 Nxd3 25. Rxd3 exd4) 24... Kxh7 25. Qxf8 Qxc2+ 26. Ka1 Qxa2#) (
23. Bc4 exd4 (23... Qxd6 $2 24. Bc3) 24. Nxc8 Raxc8 25. Rxd4 Kh8 26. Rxd5 Nxd5
27. Qxd5 Qc7 $19) ({The best chance was} 23. Ba1 $1 {, as I pointed out to my
opponent after the game. White will limit his material losses, but with an
extra pawn and good play against White's weak king Black should win:} Qxd6 (
23... Nxd3 $143 $6 24. Rxd3 Nxf4 25. Qxc6 bxc6 26. Rd2 Be6 27. g3 Nd5 28. c4
Ne3 29. Re1 Nf5 30. Nxf5 Bxf5+ 31. Kc1 $15) 24. Be4 Be6 25. c4 exf4 26. cxd5 (
26. Qh5 f5 27. cxd5 fxe4 28. dxe6 Qxe6 29. Qg5 Qg6 30. Qxg6 hxg6 31. Rd7 Rf7
32. Rd4 Nd3 $19) 26... Bd7 $17) 23... Raxc8 24. Bc4 exd4 $2 {With little time
I saw a clear path to a winning position and took it, but in fact I could have
forced immediate resignation with 24...b5.} (24... b5 $1 25. Bxd5+ Nxd5 26. c4
bxc4 27. Bxe5 Rfd8 $19) 25. Rxd4 Kh8 26. Rxd5 (26. c3 Nxc3+ 27. Qxc3 Qxg2 $19)
(26. Rhd1 b5 27. Rxd5 Nxd5) 26... Nxd5 27. Qxd5 Qc7 {The position is
absolutely hopeless for White, as apart from his material losses White will
have to deal with the mating threats around his king.} 28. Rf1 Rcd8 29. Qf5 Rd4
{For the second time I missed an immediate win with ...b5, but of course my
move is good enough.} (29... b5 $142 $1 30. Qxb5 (30. Bd3 g6 31. Qxb5 Qc3)
30... Qxf4 $19) 30. g3 b5 $1 $19 31. Qxb5 (31. Bxb5 Qc3) (31. Bd3 g6 32. Qxb5
Qc3 33. Kc1 Qa1+ 34. Kd2 Qxf1 $19) 31... Rb8 32. Re1 Qd8 33. Kc1 {This cheeky
move made a funny impression on me. But of course it changes nothing.} Rxb5 34.
Bxb5 Rd7 0-1

[Event "Moscow op2"]
[Site "Moscow"]
[Date "1995.??.??"]
[Round "2"]
[White "Korneev, Oleg"]
[Black "Annakov, Babakuli"]
[Result "1-0"]
[WhiteElo "2605"]
[BlackElo "2410"]
[Annotator "Chekhov,V"]
[PlyCount "65"]
[EventDate "1995.11.??"]
[EventType "swiss"]
[EventRounds "9"]
[EventCountry "RUS"]
[SourceTitle "CBM 050 Extra"]
[Source "ChessBase"]
[SourceDate "1996.03.01"]
[SourceVersion "1"]
[SourceVersionDate "1996.03.01"]
[SourceQuality "1"]

1. e4 c5 2. Nf3 e6 3. d4 cxd4 4. Nxd4 a6 5. Bd3 Nf6 6. O-O d6 7. f4 Nbd7 8. Kh1
Be7 (8... g6 $5) (8... Nc5 $5) 9. Qe2 Qc7 10. Nd2 (10. c4 O-O 11. Nc3 Re8 12.
Bd2 g6 13. Nf3 b6 14. e5 Nh5 15. Rae1 Ng7 16. Ng5 Bb7 $132 {Gallagher,
J-Erdelyi,T/Ticino/1994/0|1/39/}) (10. a4 $5) (10. Nc3 $5) 10... b5 11. N2f3
Bb7 (11... g6 $5 12. e5 Nh5) 12. e5 dxe5 (12... Nd5 13. exd6 Qxd6 14. f5 $36)
13. fxe5 Nd5 14. Bg5 Nc5 15. Bxb5+ $5 axb5 16. Nxb5 Qb6 17. c4 Nc7 18. Bxe7
Kxe7 (18... Nxb5 19. Bxc5 Qxc5 20. cxb5 $18) 19. Nd6 f5 (19... Rhf8 20. b4 Nd7
21. c5 $36) 20. exf6+ (20. b4 Ne4) 20... gxf6 (20... Kxd6 21. Rad1+ Nd5 (21...
Kc6 22. Ne5#) 22. fxg7 Rhg8 23. Qe5+ Kd7 24. Ng5 $18) 21. Rad1 Ne8 (21... Qxd6
22. Rxd6 Kxd6 23. b4 Ne4 24. Qe3 $40) (21... Rxa2 22. Nf5+ Kf7 23. Ne5+ $18)
22. Nxb7 (22. Nf5+ Kf8) 22... Nxb7 (22... Qxb7 23. Qe3 Rc8 24. Nd4 Qe4 25. Qh3
$36) 23. b4 $1 $146 Nd8 24. Ne5 $1 Ra7 (24... fxe5 25. Qxe5 Rg8 26. Qe4 Qc6 27.
Qh4+ Nf6 28. Qxf6+ Ke8 29. Rxd8+ Rxd8 30. Qf7#) 25. c5 Qxb4 26. Qd3 (26. Rxd8
fxe5 $13) 26... Ra8 (26... Qb8 27. Qxd8+ Qxd8 28. Nc6+ $18) 27. Qf3 fxe5 (27...
Ra7 28. Rxd8 fxe5 29. Rdd1 Qf4 30. Qd3 Qd4 31. Qg3 Qxc5 32. Qg5+ $18) (27...
Qb7 28. Qxb7+ Nxb7 29. Rd7+ Kf8 30. Rxb7 $18) 28. Qxa8 Nf6 29. c6 Qc5 30. c7
Qxc7 (30... Nf7 31. Qf3 $18) 31. Qa3+ $18 Kf7 32. Qf3 Qe7 33. Rd7 $1 (33. Rd7
Qxd7 34. Qxf6+ Ke8 (34... Kg8 35. Qf8#) 35. Qxh8+ Ke7 36. Qf8#) 1-0

[Event "Buenos Aires"]
[Site "Buenos Aires"]
[Date "1980.??.??"]
[Round "?"]
[White "Ljubojevic, Ljubomir"]
[Black "Panno, Oscar"]
[Result "1-0"]
[WhiteElo "2590"]
[BlackElo "2540"]
[Annotator "Chekhov,V"]
[PlyCount "49"]
[EventDate "1980.10.15"]
[EventType "tourn"]
[EventRounds "13"]
[EventCountry "ARG"]
[EventCategory "13"]
[SourceTitle "MCL"]
[Source "ChessBase"]
[SourceDate "1999.07.01"]
[SourceVersion "1"]
[SourceVersionDate "1999.07.01"]
[SourceQuality "1"]

1. e4 c5 2. Nf3 e6 3. d4 cxd4 4. Nxd4 a6 5. Bd3 g6 6. c4 (6. Nc3 $5) (6. O-O $5
) 6... Bg7 7. Nb3 Ne7 (7... d6 8. Nc3 Nf6 9. Bf4 O-O 10. Be2 e5 11. Be3 Be6 12.
O-O $16 {Ljubojevic,L-Rajkovic,D/JUG/1980/}) (7... Nc6 8. Nc3 d6 9. O-O Nf6 10.
Be3 O-O 11. f3 b6 12. Qd2 Ne5 13. Rfd1 Qc7 14. Rac1 Re8 15. Bf1 {Zagrebelny,
S-Vasiukov,E/URS/1981/}) 8. O-O O-O 9. Nc3 Nbc6 10. Be2 (10. Bf4 d5 $1) 10...
b6 (10... d6 11. Bf4 Ne5 12. Qd2 Qc7 13. Rac1) 11. Bf4 f5 $6 (11... Ne5 $6 12.
Qd6 $1 N7c6 13. Bg3) (11... Bb7 $5) 12. exf5 Rxf5 $6 (12... Nxf5 $5 13. Qd2
Ncd4 14. Nxd4 Nxd4 15. Bd3 Bb7 16. Rae1) 13. Qd2 $16 d5 (13... Bb7 14. Bg4 Rf8
15. Rad1) 14. cxd5 Nxd5 15. Nxd5 exd5 $6 (15... Rxd5 16. Qc1 $14) (15... Qxd5
16. Bf3 Qxd2 17. Bxd2 Bd7 (17... Rxf3 18. gxf3 Bxb2 19. Rab1 Bf6 20. Be3 $16) (
17... Bb7 18. Rac1 Na5 19. Bxb7 Nxb7 20. Rc7 Rf7 21. Rfc1 $16)) 16. Rac1 Bb7
17. Bg4 Rxf4 (17... Rf8 18. Be6+ Kh8 19. Bg5 $16) 18. Qxf4 Bxb2 19. Be6+ Kh8
20. Rxc6 $1 $18 Bxc6 21. Nd4 Qe7 22. Qe5+ Qg7 23. Qxg7+ Kxg7 24. Nxc6 d4 25.
Bd7 1-0

[Event "AUT-ch"]
[Site "Voitsberg"]
[Date "1995.??.??"]
[Round "5"]
[White "Stanec, Nikolaus"]
[Black "Schlosser, Michael"]
[Result "1/2-1/2"]
[WhiteElo "2480"]
[BlackElo "2365"]
[Annotator "ChessBase"]
[PlyCount "33"]
[EventDate "1995.??.??"]
[EventType "tourn"]
[EventRounds "15"]
[EventCountry "AUT"]
[EventCategory "5"]
[SourceTitle "CBM 049 Extra"]
[Source "ChessBase"]
[SourceDate "1996.01.01"]
[SourceVersion "1"]
[SourceVersionDate "1996.01.01"]
[SourceQuality "1"]

1. e4 c5 2. Nf3 e6 3. d4 cxd4 4. Nxd4 a6 5. Bd3 Nf6 6. O-O d6 7. Kh1 g6 8. f4
Bg7 9. c4 O-O 10. Nc3 Nbd7 11. Nf3 Qc7 12. Qe2 b6 13. Bd2 Bb7 14. Rae1 Rfe8 15.
Bb1 Rac8 16. b3 Qb8 17. Qf2 (17. Qf2 b5 18. cxb5 axb5 19. Nxb5 (19. Qh4 b4 20.
Nd1 Qa8 21. e5 dxe5 22. fxe5 Nh5 $14) 19... Nxe4 20. Bxe4 Bxe4 21. Nxd6 Qxd6
22. Rxe4 Rc2 $44) 1/2-1/2

[Event "London Phillips&Drew"]
[Site "London"]
[Date "1980.??.??"]
[Round "2"]
[White "Ljubojevic, Ljubomir"]
[Black "Gheorghiu, Florin"]
[Result "1/2-1/2"]
[WhiteElo "2590"]
[BlackElo "2605"]
[Annotator "ChessBase"]
[PlyCount "83"]
[EventDate "1980.04.10"]
[EventType "tourn"]
[EventRounds "13"]
[EventCountry "ENG"]
[EventCategory "13"]
[SourceTitle "EXT 1999"]
[Source "ChessBase"]
[SourceDate "1998.11.16"]
[SourceVersion "1"]
[SourceVersionDate "1998.11.16"]
[SourceQuality "1"]

1. e4 c5 2. Nf3 e6 3. d4 cxd4 4. Nxd4 a6 5. Bd3 Nf6 6. O-O d6 7. c4 Be7 8. Nc3
O-O 9. Be3 Nbd7 10. Rc1 Re8 11. a3 Bf8 12. Bb1 b6 13. Qe2 Bb7 14. Rfd1 Rc8 15.
Bg5 Qc7 16. Ba2 Qb8 17. f3 d5 18. Bxf6 Nxf6 19. e5 Nh5 20. g4 Nf4 21. Qe3 f6 $1
22. cxd5 fxe5 23. Nxe6 Rxe6 24. d6 Bxd6 25. b4 Kh8 26. Bxe6 Nxe6 27. Ne4 Rxc1
28. Rxc1 Nd4 29. f4 Be7 30. Rd1 Qa8 31. Nf2 Bh4 32. fxe5 Nf3+ 33. Kg2 Nxe5+ 34.
Kf1 Qf8 35. Rd4 h6 36. g5 Qf5 $2 (36... Bxf2 $1) 37. Rxh4 Qb1+ 38. Ke2 Bf3+ 39.
Kd2 Qb2+ 40. Ke1 Qb1+ 41. Kd2 Qb2+ 42. Ke1 1/2-1/2

[Event "EU-chT 08th Final"]
[Site "Plovdiv"]
[Date "1983.??.??"]
[Round "4.1"]
[White "Ljubojevic, Ljubomir"]
[Black "Lobron, Eric"]
[Result "1-0"]
[WhiteElo "2645"]
[BlackElo "2515"]
[Annotator "ChessBase"]
[PlyCount "91"]
[EventDate "1983.06.23"]
[EventType "team-tourn"]
[EventRounds "7"]
[EventCountry "BUL"]
[SourceTitle "EU-chT"]
[Source "ChessBase"]
[SourceDate "1999.07.01"]
[SourceVersion "2"]
[SourceVersionDate "1999.07.01"]
[SourceQuality "1"]
[WhiteTeam "Yugoslavia"]
[BlackTeam "German Fed Rep"]
[WhiteTeamCountry "YUG"]
[BlackTeamCountry "GER"]

1. e4 c5 2. Nf3 e6 3. d4 cxd4 4. Nxd4 a6 5. Bd3 Bc5 6. Nb3 Ba7 7. O-O Nc6 8.
Qg4 Nf6 9. Qxg7 Rg8 10. Qh6 Ne5 11. Be2 b5 12. Bg5 (12. Be3 $5) 12... Rg6 13.
Qh4 Bb7 14. N1d2 h6 15. Bxf6 Rxf6 16. Rad1 Ng6 17. Qxh6 Nf4 18. Qh8+ Ke7 19.
Qxd8+ Rxd8 20. Bf3 Rh8 21. e5 $2 (21. g3 Nh3+ 22. Kg2 Rfh6 $44) 21... Rg6 $2 (
21... Rfh6 $1 $17) 22. g3 Nh3+ 23. Kg2 Nf4+ 24. Kh1 Rgh6 25. h4 Rxh4+ 26. gxh4
Rxh4+ 27. Kg1 Rh3 28. Rfe1 $1 Rg3+ 29. Kf1 Bxf3 30. Nxf3 Rxf3 31. Nd4 Rh3 32.
Kg1 Rh4 33. c3 Bxd4 34. Rxd4 Rg4+ 35. Kf1 Rh4 36. f3 Rh1+ 37. Kf2 Nh3+ 38. Ke2
Rh2+ 39. Ke3 Rxb2 40. Red1 d5 41. exd6+ Kd7 42. R4d2 Rxd2 43. Rxd2 e5 44. Ke4
Ng5+ 45. Kd5 f6 46. Rh2 1-0

[Event "Interzonal-16"]
[Site "Biel"]
[Date "1993.??.??"]
[Round "7"]
[White "Smyslov, Vassily V"]
[Black "Gurevich, Ilya"]
[Result "1/2-1/2"]
[WhiteElo "2520"]
[BlackElo "2575"]
[Annotator "ChessBase"]
[PlyCount "180"]
[EventDate "1993.07.16"]
[EventType "swiss"]
[EventRounds "13"]
[EventCountry "SUI"]
[SourceTitle "CBM 037"]
[Source "ChessBase"]
[SourceDate "1993.12.01"]
[SourceVersion "1"]
[SourceVersionDate "1993.12.01"]
[SourceQuality "1"]

1. e4 c5 2. Nf3 e6 3. d4 cxd4 4. Nxd4 a6 5. Bd3 Qc7 6. O-O Bc5 7. Nb3 Be7 8.
Qg4 Bf6 9. f4 d6 10. Nc3 h5 11. Qe2 Nc6 12. Be3 Bxc3 13. bxc3 Nf6 14. h3 (14.
Kh1) 14... e5 15. Qf2 exf4 16. Bxf4 Ne5 17. Qg3 Kf8 18. Bg5 Nh7 19. Bd2 Bd7 20.
Nd4 Nf6 21. Qh4 Ng6 22. Qf2 Ne5 23. a4 Re8 24. a5 $16 Bc8 25. Ra4 Nfd7 26. Nb3
Re6 27. Rc4 Qd8 28. Bg5 f6 29. Rb4 Nxd3 30. cxd3 Ne5 31. Qe2 Qc7 32. c4 Nc6 33.
Ra4 Kg8 34. Be3 h4 35. Nd4 Nxd4 36. Bxd4 Qf7 37. Rb4 Rh5 38. Qd2 Qg6 39. Rb2
Re7 40. Kh1 f5 41. Qf4 Qg3 42. Rbf2 Qxd3 43. Qxd6 Qxe4 44. Rf4 Qe6 45. c5 Bd7
46. Bc3 Bc6 47. Qxe6+ Rxe6 48. Rxf5 Rxf5 49. Rxf5 Rg6 50. Rf2 Rg3 51. Be5 Rxh3+
52. Kg1 Ra3 53. Bc7 h3 54. gxh3 Rxh3 55. Rf5 Ra3 56. Kf2 g6 57. Re5 Kg7 58. Bd8
Kh6 59. Bg5+ Kg7 60. Bd8 Rd3 61. Bg5 Kf7 62. Ke2 Rd7 63. Ke3 Bg2 64. Bh4 Bh3
65. Bg5 Be6 66. Kf4 Rd1 67. Ke3 Rd7 68. Kf4 Rc7 69. Ke3 Rc6 70. Kf4 Ke8 71. Re3
Kf7 72. Re5 Rc8 73. Ke3 Rc7 74. Ke4 Rd7 75. Ke3 Rd1 76. Bh4 Rg1 77. Bg5 Rg4 78.
Bd8 Ra4 79. Kf3 Ke8 80. Rxe6+ Kxd8 81. c6 Kc7 82. cxb7 Kxb7 83. Rb6+ Ka7 84.
Rxg6 Rxa5 85. Ke4 Rc5 86. Kd4 Rc7 87. Kd3 a5 88. Kd2 Kb7 89. Rg3 Kb6 90. Rc3
Rxc3 1/2-1/2

[Event "Interzonal-10a"]
[Site "Biel"]
[Date "1976.08.02"]
[Round "16"]
[White "Byrne, Robert Eugene"]
[Black "Larsen, Bent"]
[Result "1-0"]
[WhiteElo "2540"]
[BlackElo "2625"]
[Annotator "ChessBase"]
[PlyCount "103"]
[EventDate "1976.07.11"]
[EventType "tourn"]
[EventRounds "19"]
[EventCountry "SUI"]
[EventCategory "12"]
[SourceTitle "IZT"]
[Source "ChessBase"]
[SourceDate "1999.07.01"]
[SourceVersion "1"]
[SourceVersionDate "1999.07.01"]
[SourceQuality "1"]

1. e4 c5 2. Nf3 e6 3. d4 cxd4 4. Nxd4 a6 5. Bd3 Bc5 6. Nb3 Ba7 7. Qe2 Nc6 8.
Be3 Bxe3 9. Qxe3 d6 10. Nc3 Nf6 11. O-O-O b5 12. Rd2 O-O 13. Rhd1 Qc7 14. f4 b4
15. Ne2 e5 16. fxe5 dxe5 17. Rf1 Nd7 (17... Be6 18. Rxf6 gxf6 19. Ng3 $44) 18.
Ng3 Nb6 19. Nf5 f6 20. Qc5 Rf7 21. Nd6 Nd4 22. Qxb4 a5 23. Qa3 Nxb3+ 24. axb3
a4 25. Bc4 Nxc4 26. bxc4 Rf8 27. b4 Be6 28. c5 Rfb8 29. c4 h6 30. Rf3 Kh7 31.
Rc2 Rd8 32. Kb2 Rxd6 33. cxd6 Qxd6 34. Rd3 Qc6 35. Rd5 Bxd5 36. exd5 Qd7 37.
Qd3+ f5 38. Ka3 e4 39. Qd4 Re8 40. Re2 Qd6 41. g3 Rb8 42. c5 Qa6 43. Re1 Re8
44. c6 h5 45. c7 Qd6 46. Qc5 Qa6 47. b5 Qa5 48. Re2 e3 49. c8=Q Rxc8 50. Qxc8
Qxb5 51. Qxf5+ Kh8 52. Qc8+ 1-0

[Event "Lone Pine op Louis D. Statham Masters"]
[Site "Lone Pine"]
[Date "1979.03.28"]
[Round "4"]
[White "Ligterink, Gert"]
[Black "Miles, Anthony John"]
[Result "0-1"]
[WhiteElo "2440"]
[BlackElo "2560"]
[Annotator "ChessBase"]
[PlyCount "120"]
[EventDate "1979.03.25"]
[EventType "swiss"]
[EventRounds "9"]
[EventCountry "USA"]
[SourceTitle "MCL"]
[Source "ChessBase"]
[SourceDate "1999.07.01"]
[SourceVersion "1"]
[SourceVersionDate "1999.07.01"]
[SourceQuality "1"]

1. e4 c5 2. Nf3 e6 3. d4 cxd4 4. Nxd4 a6 5. Bd3 Nc6 6. Nxc6 dxc6 7. Nd2 e5 8.
Qh5 Bd6 9. Nc4 Bc7 10. Bg5 Nf6 11. Qe2 h6 12. Bh4 Qe7 13. O-O (13. O-O-O $5)
13... g5 14. Bg3 h5 15. f3 h4 16. Bf2 Nh5 17. Nb6 Rb8 18. Nxc8 Rxc8 19. Rfd1
Nf4 20. Qe1 Bd6 21. Rd2 Bc5 22. Rad1 O-O 23. Bf1 Rcd8 24. g3 Nh5 25. Bxc5 Qxc5+
26. Qf2 Qe7 27. Bh3 Rxd2 28. Rxd2 Rd8 29. Kg2 hxg3 30. hxg3 Nf6 31. Qe3 Ne8 32.
Kf2 Kf8 33. Ke2 f6 34. Rxd8 Qxd8 35. Qc5+ Qe7 36. b4 Qxc5 37. bxc5 Ke7 38. Kd3
Nc7 39. Kc4 a5 40. Kb3 Na6 41. Ka4 Kd8 42. Kxa5 Kc7 43. Bg4 Nxc5 44. Kb4 Kb6
45. Bf5 Na6+ 46. Kc4 Ka5 47. Kb3 Kb5 48. c3 Nc5+ 49. Kc2 Ka4 50. Bg6 Ka3 51.
Bf7 g4 $1 52. fxg4 Nxe4 53. Kd3 Nd6 54. Be6 c5 55. c4 Kxa2 56. Kc3 Kb1 57. Bd5
Kc1 58. g5 fxg5 59. Bf3 e4 60. Bg4 b6 0-1